[Event "MEX-ch U26"]
[Site "Puebla"]
[Date "2014.04.28"]
[Round "3.7"]
[White "Quiroga Garza, Juan Manuel"]
[Black "Sosa Encarnacion, Josue"]
[Result "1-0"]
[WhiteElo "1895"]
[BlackElo "2126"]
[PlyCount "63"]
[EventDate "2014.04.28"]
[EventType "swiss"]
[EventRounds "6"]
[EventCountry "MEX"]
[SourceTitle "CBM 160 Extra"]
[Source "ChessBase"]
[SourceDate "2014.07.01"]
[SourceVersion "1"]
[SourceVersionDate "2014.07.01"]
[SourceQuality "1"]

1. e4 e6 2. d4 d5 3. Nd2 dxe4 4. Nxe4 Nd7 5. Nf3 Ngf6 6. Nxf6+ Nxf6 7. Bd3 Be7 8. 0-0 0-0 9. Qe2 b6 10. c3 Bb7 11. Bf4 c5 12. Rad1 cxd4 13. Bb1 Qd5 14. Be5 d3 15. Qxd3 Qxd3 16. Bxd3 Bxf3 17. gxf3 Nd7 18. Bxh7+ Kxh7 19. Rxd7 Bg5 20. Rfd1 Rad8 21. f4 Bh4 22. Kg2 Kg6 23. Kf3 Rxd7 24. Rxd7 Rd8 25. Rxd8 Bxd8 26. a4 f6 27. Bd6 Kf7 28. Ke4 Ke8 29. f5 Kd7 30. Bf8 exf5+ 31. Kxf5 g5 32. Bg7 1-0